Narrative of a voyage to Hudson's Bay in His Majesty's Ship Rosamond containing some account of the North eastern coast of America and of the tribes inhabiting that remote region. By Lieut. Edward Chappell, R.N.

Saved in:
Bibliografiske detaljer
Hovedforfatter: Chappell, Edward (Author)
Format: Bog
Sprog:engelsk
Udgivet: Londres J. Mawman, Ludgate street 1817
Udgivelse:1a. ed
Fag:
Tags: Tilføj Tag
Ingen Tags, Vær først til at tagge denne postø!

MARC

LEADER 00000nam a2200000 a 4500
001 UCJ5614
003 CL-VaPUC
008 070124e18170000UK |||||||||||||||||eng|d
082 0 4 |a 910.4  |b CHA  |2 21 
100 0 |a Chappell, Edward  |e author  |9 511022 
245 1 0 |a Narrative of a voyage to Hudson's Bay in His Majesty's Ship Rosamond containing some account of the North eastern coast of America and of the tribes inhabiting that remote region. By Lieut. Edward Chappell, R.N. 
250 |a 1a. ed 
300 |a 279 p 
942 |c BK 
945 |d 20070124 00:00:00  |a rinostro 
260 |a Londres  |b J. Mawman, Ludgate street  |c 1817 
500 |a Front., mapa del área explorada; ilustraciones conforme al índice 
650 0 |a Viajes  |9 257115 
650 0 |a Expediciones científicas  |9 265222 
650 0 |a Aborígenes  |9 329972 
650 0 |a Cultura  |9 269059 
650 7 |a ESQUIMALES  |2 CL-VaPUC  |9 441373 
650 7 |a LENGUAS INDIGENAS  |2 CL-VaPUC  |9 511023 
650 7 |a GLOSARIO INDIGENA INGLES  |2 CL-VaPUC  |9 511024 
650 0 |a Mapas  |9 260844 
650 0 |a Ilustraciones  |9 369481 
650 7 |a DIARIO  |2 CL-VaPUC  |9 441581 
651 7 |a BAHIA DE HUDSON  |2 CL-VaPUC  |9 511025 
651 7 |a REGION ARTICA  |2 CL-VaPUC  |9 366377 
583 |a last modification  |c 20070124 00:00:00  |k Rodrigo Vera 
999 |c 321723  |d 321721 
952 |0 0  |1 0  |4 0  |6 910_400000000000000_CHA_1817  |7 0  |8 X  |9 400549  |a FDOBUD  |b FDOBUD  |d 2019-11-22  |i 1037129  |o 910.4 CHA 1817  |p 1037129  |r 2019-11-22  |w 2019-11-22  |y BK_X  |k BUD